000 01629nam0a2200337 4500
001 RU\NLR\bibl\1131108
005 20260405140642.0
010 _a5-88942-064-X
_9300
021 _aRU
_b2007-54061
_92871
035 _a(nilc)RSL-KNO-003156249
035 _a(NLR Aleph) 001118020
090 _a1280102
_c1280102
100 _a20070821d2006 |||y0rusy50 ca
101 0 _arus
102 _aRU
105 _aa zzzz|||||
200 1 _aМодели среды в разведочной сейсмологии
_fЕ.А. Козлов
210 _aТверь
_cИзд-во ГЕРС
_d2006
215 _a479 с.
_cил., цв. ил.
_d31
320 _aБиблиогр.: с. 448-478
606 1 _aСейсморазведка
_92620758
_3RU\NLR\auth\661557318
610 0 _aНауки о Земле(геодезические, геофизические, геологические и географические науки) Методика и техника поисков и разведки -- Геофизические методы поисков и разведки -- Полевые геофизические методы поисков и разведки -- Сейсмические методы -- Пособие для специалистов
686 _aД443.417,07
_2rubbk
686 _aД443.417
700 1 _4070
_8rus
_7ca
_aКозлов
_bЕ. А.
_cд-р техн. наук
_gЕвгений Алексеевич
_3RU\NLR\auth\7756845
_939777
801 0 _aRU
_bРКП
_c20070821
_grcr
801 1 _aRU
_bРГБ
_c20070821
801 2 _aRU
_bNLR
_c20070921
_grcr
942 _cBOOK
980 _aNB